01561nam a22002657a 45000010005000000030006000050050017000110080041000280200018000690400029000870500015001160820011001311000025001422450080001672500009002472600032002563000040002885050007003285200845003355210019011805210018011996500023012176500020012407000035012605157FISKH20241108092310.0241108b cb ||||| |||| 00| 0 eng d a9780515158434 aFISKHbengcFISKHdFISKH aGV1853.F62 a791.06 aHolub, Joand(1956-) aWhere is walt disney world? cby Joan Holub illustrated by Gregory Copeland a2018 aNew York :bPenguin,c2018. a108 pages :bIllustrations ;c20 cm aS  a"Building the most magical place on earth was no fairy tale. Learn the story behind the creation of Walt Disney World. In 1964, when Walt Disney and his brother Roy decided to build a second theme park in the Florida swamplands, they kept it super hush-hush. Why? Well, if word got out that they planned to buy up lots of land, the price would have skyrocketed. So the Disneys cleverly covered up their trail, avoiding the Orlando Airport and even using made-up names, like Walt and Roy Davis, for their flights. The deception worked. In covering the history of the "Most Magical Place On Earth," Joan Holub takes readers both behind the scenes and underneath the park (there are secret employee-only tunnels that form one big circle under the Magic Kingdom). Loaded with fun facts, this book is a great companion to Who Was Walt Disney?"--8 a990L bLexile 8 aS bRaz-Plus  2GeographyaFlorida 2HistoryaDisney aCopeland, GregorydIllustrator